Catalogue de la Bibliothèque de l'ENSA

Indices des prix à la consommation (notice nᵒ 22713)

détails MARC
000 -LEADER
fixed length control field 00676nam a2200193zi 4500
005 - DATE AND TIME OF LATEST TRANSACTION
control field 20171122080917.0
020 ## - ISBN
ISBN 978-9961-792-42-1
037 ## - SOURCE D'ACQUISITION
Cote BC_1406 04
Forme de support Autres
040 ## - SOURCE DU CATALOGAGE
Origine cataloguage BC-ENSA
Langue du catalogage fre
041 ## - CODE DE LANGUE
Langue Français
110 ## - AUTEUR MORAL
Nom de collectivité Office national des statistiques. Direction technique chargée des statistiques économiques et du suivi de la conjoncture
245 ## - MENTION DU TITRE
Titre Indices des prix à la consommation
Complément de titre ville d'Alger : évolution 1997-2007, national : évolution 1997-2007
260 ## - PUBLICATION, DIFFUSION, ETC. (ADRESSE BIBLIOGRAPHIQUE)
Lieu d'édition Alger
Nom de l'éditeur ONS
Année d'édition 2008
300 ## - DESCRIPTION MATÉRIELLE
Nombre de pages 69 p.
Illustration ill.
Format 30 cm
562 ## - NOTE D'IDENTIFICATION DES EXEMPLAIRES ET VERSIONS
Numbre d' exemplaire 01 exemplaire
942 ## - ADDED ENTRY ELEMENTS (KOHA)
Type document Ouvrage
490 ## - MENTION DE COLLECTION
Titre Collection Statistiques (Algérie)
653 ## - DESCRIPTEUR LIBRE
Mots clés libres PRIX/CONSOMMATION/ALGERIE/EVOLUTION/METHODE STATISTIQUE
Exemplaires
statut de retrait Statut emplacement permanent Localisation actuelle Cote code à barre Koha type d'élément
    Bibliothèque Centrale Bibliothèque Centrale BC_1406 04 BC_1406 04 Ouvrage

Adresse: Ecole Nationale Supérieure Agronomique Hassen Badi - El Harrach Alger, Algérie

Tél +213 (0) 23 82 85 07+213 (0) 23 82 85 12 Fax +213 23 82 85 03/04 Courriel: bibliotheque@edu.ensa.dz